000 00390nam a2200133Ia 4500
008 231129s1994||||xx |||||||||||||| ||spa||
040 _bspa
082 _a379.86132 R436m
100 _aRestrepo Hincapie Amelia
245 0 _aMemorias del concurso y de la socializacion de innovaciones educativas 1993-1994
260 _c1994
264 _aFondo Editorial de Risaralda
942 _2ddc
_cBKS
999 _c20963
_d20963